Romeo and Juliet Quiz - Statistics

General Stats
  • This quiz has been taken 276 times
  • The average score is 17 of 24
Answer Stats
Question Answer % Correct
Where is Romeo and Juliet set? Verona
97%
Why is Romeo exiled? For killing Tybalt
92%
Who is Romeo in love with before he meets Juliet? Rosaline
92%
Who is Juliet supposed to be marrying instead of Romeo? Paris
90%
In the prologue, Romeo and Juliet are described as ______ lovers? Star-crossed
82%
Where is Romeo exiled to? Mantua
81%
Who does Mercutio curse as he dies? The Montagues and Capulets
81%
Who does Romeo find and kill at Juliet's crypt? Paris
80%
With what does Romeo commit suicide? Poison
80%
What is the reason for the feud between the Montagues and the Capulets? It is unknown
78%
What did Lord Capulet threaten to do to Juliet if she didn't marry the man he wanted her to marry? Disown her
75%
Who intervenes in the brawl between Montague and Capulet servants? Prince Escalus
75%
Who is the fairy that Mercutio says visits Romeo in dreams? Queen Mab
75%
Who is Paris related to? Prince Escalus
70%
Who informs Romeo of Juliet's 'death'? Balthasar
68%
During the balcony scene, what does Romeo compare Juliet to? The sun
64%
Where does Romeo sneak to get into Juliet's balcony? An orchard
63%
How many acts are in Romeo and Juliet? 5
61%
Who dies from grief? Lady Montague
61%
How old is Juliet? 13
60%
Who is the 'King of Cats'? Tybalt
57%
Who persuaded Romeo to attend the feast? Benvolio
46%
How many days after meeting do Romeo and Juliet get married? 1
43%
How long does Juliet want her coma to last? 42hrs
25%
No matching quizzes found
Score Distribution
Percent of People with Each Score
Percentile by Number Answered
Your Score History
You have not taken this quiz